000 00861cam a2200229 a 4500
001 000002557
005 20200929150219.0
008 781228s1978 cr 001 p spa
040 _aDO-SdBNP
_bspa
_cBNPHU
082 _aCR861.44
_bP745c, 1978
245 0 0 _aPoesía contemporánea de Costa Rica :
_bantología /
_cselección y prólogo, Carlos Rafael Duverrán ; colaboradores, Laureano Alban, Carlos Luis Altamirano, Arturo Montero Vega.
250 _a2a ed.
260 _aSan José :
_bCosta Rica,
_c1978.
300 _a443 p. ;
_c21 cm.
500 _aIncluye índice
650 4 _aPoesía costarricense
_95301
650 4 _aLiteratura costarricense
_93332
700 1 _aDuverrán, Carlos Rafael.
_d1935-
_eprol.
_98054
700 1 _aAlban, Laureano.
_d1942-
_98055
700 1 _aAltamirano, Carlos Luis.
_d1876 -
_98056
700 1 _aMontero Vega, Arturo.
_98057
999 _c2393
_d2393